000 00473cam a2200193ua 4500
001 7836
008 141229n ii |||gr||||Z||||||ben
040 _cMAIN
041 _aben
082 _a891.444
100 _aNag, S. Kr.,
_eEditor.
245 1 _aSukanto smriti
_cEdited by Sujit Kumar Nag
250 _a1st.
260 _aKolkatta:
_bKaruna,
_c1967.
300 _a342p.
653 _aEast Indo-European & Celtic literatures
653 _aBengali essays
942 _cBK
999 _c6956
_d6956